[Event "Mechanics' Mar TNM; 30/90, SD/30"]
[Site "San Francisco"]
[Date "2012.08.07"]
[Round "2.1"]
[White "De Lenea, Digne"]
[Black "Winslow, Elliott"]
[Result "0-1"]
[WhiteElo "1906"]
[BlackElo "2342"]
[PlyCount "88"]
[EventDate "2012.??.??"]

1. d4 Nf6 2. Nf3 g6 3. g3 Bg7 4. Bg2 O-O 5. O-O d6 6. c4 Nbd7 7. Nc3 e5 8. dxe5
dxe5 9. Qc2 c6 10. Rd1 Re8 11. Ng5 Qc7 12. Rb1 a5 13. a3 h6 14. Nge4 Nxe4 15.
Nxe4 a4 16. b4 axb3 17. Rxb3 Re6 18. c5 Bf8 19. Bh3 f5 20. Qc4 Kf7 21. Nd6+ Kf6
22. Rbd3 e4 23. Bb2+ Ne5 24. R3d2 b5 25. cxb6 Qxb6 26. Bd4 Qc7 27. Bxe5+ Rxe5
28. Qc3 Bxd6 29. Rxd6+ Be6 30. f4 exf3 31. exf3 Qa7+ 32. Kh1 Qxa3 33. Rxc6 Qxc3
34. Rxc3 Ra2 35. Bf1 f4 36. g4 h5 37. h3 Kg5 38. Rdc1 Kh4 39. R3c2 Rxc2 40.
Rxc2 Kg3 41. Kg1 Re1 42. Rg2+ Kxf3 43. Rf2+ Ke3 44. Kg2 Bd5+ 0-1

[Event "Mechanics' Summer TNM; 30/90, SD/30"]
[Site "San Francisco"]
[Date "2012.07.03"]
[Round "7.9"]
[White "De Lenea, Digne"]
[Black "Zhao, Audrey"]
[Result "1-0"]
[WhiteElo "1875"]
[BlackElo "1757"]
[PlyCount "93"]
[EventDate "2012.??.??"]

1. d4 d5 2. c4 c6 3. Nc3 Nf6 4. e3 e6 5. Nf3 Bd6 6. Bd3 dxc4 7. Bxc4 b5 8. Bb3
a6 9. O-O Nbd7 10. a3 Bb7 11. e4 Be7 12. Re1 O-O 13. Bg5 c5 14. d5 c4 15. Bc2
exd5 16. e5 Ng4 17. Bxe7 Qxe7 18. h3 Ngxe5 19. Nxe5 Nxe5 20. Qd4 Nc6 21. Qb6
Qd7 22. Nxd5 Rab8 23. Qc5 Rfe8 24. Nf6+ gxf6 25. Qh5 Re5 26. Bxh7+ Kf8 27. Qh6+
Ke7 28. f4 Qd4+ 29. Kh1 Rxe1+ 30. Rxe1+ Kd7 31. Qh5 Kc7 32. Qxf7+ Kb6 33. a4
Qxb2 34. axb5 Qxg2+ 35. Kxg2 Ne5+ 36. Qxb7+ Rxb7 37. fxe5 Rxh7 38. e6 Re7 39.
bxa6 Kxa6 40. Kf3 Kb5 41. Kf4 Kc5 42. Kf5 Re8 43. Kxf6 Kd6 44. Rd1+ Kc7 45. e7
Rh8 46. Kg7 Rb8 47. Kf7 1-0

[Event "Mechanics' Fall TNM; 30/90, SD/30"]
[Site "San Francisco"]
[Date "2012.11.06"]
[Round "4.16"]
[White "Delaney, Will"]
[Black "Hilliard, Michael"]
[Result "1-0"]
[WhiteElo "1800"]
[BlackElo "1460"]
[PlyCount "73"]
[EventDate "2012.??.??"]

1. Nf3 d5 2. d4 Nf6 3. c3 Bf5 4. g3 h6 5. Bg2 e6 6. Qb3 Qc8 7. Nbd2 c5 8. Qb5+
Qc6 9. a4 a6 10. Qb3 Be7 11. O-O O-O 12. dxc5 Bxc5 13. Nd4 Qb6 14. Qxb6 Bxb6
15. Nxf5 exf5 16. c4 Rd8 17. cxd5 Nxd5 18. Nc4 Bc7 19. Rd1 Nf6 20. Rxd8+ Bxd8
21. Bxb7 Ra7 22. Nd6 Bc7 23. Be3 Rxb7 24. Nxb7 Nbd7 25. Rc1 Be5 26. b4 g5 27.
Nc5 f4 28. Bd2 fxg3 29. hxg3 Nxc5 30. Rxc5 Bd6 31. Rc6 Ne4 32. Be1 f5 33. Rxa6
f4 34. f3 fxg3 35. fxe4 Bf4 36. Kg2 h5 37. Bxg3 1-0

[Event "Mechanics' Fall TNM; 30/90, SD/30"]
[Site "San Francisco"]
[Date "2012.10.23"]
[Round "2.18"]
[White "Delaney, Will"]
[Black "James, Charles"]
[Result "1-0"]
[WhiteElo "1800"]
[BlackElo "1497"]
[PlyCount "49"]
[EventDate "2012.??.??"]

1. Nf3 d6 2. d4 f5 3. g3 Nf6 4. Bg2 g6 5. O-O Bg7 6. c4 O-O 7. Nc3 Qe8 8. Qb3
c6 9. e4 fxe4 10. Ng5 Ng4 11. Ngxe4 Bxd4 12. Nd1 Qf7 13. Ne3 Be6 14. Ng5 Qf6
15. Nxe6 Qxe6 16. Qxb7 Nd7 17. Bxc6 Nde5 18. Bd5 Nf3+ 19. Kg2 Ne1+ 20. Rxe1
Rxf2+ 21. Kg1 Raf8 22. Bxe6+ Kg7 23. Qxe7+ Kh6 24. Nxg4+ Kh5 25. Qh4# 1-0

[Event "Mechanics' Mar TNM; 30/90, SD/30"]
[Site "San Francisco"]
[Date "2012.08.14"]
[Round "3.18"]
[White "Delaney, Will"]
[Black "Mar, Henry"]
[Result "1-0"]
[WhiteElo "1800"]
[BlackElo "1500"]
[PlyCount "35"]
[EventDate "2012.??.??"]

1. e4 c6 2. d4 d5 3. Nc3 dxe4 4. Nxe4 Bf5 5. Ng3 Bg6 6. Nf3 Nf6 7. Bc4 Nd5 8.
c3 e6 9. Ne5 Nd7 10. Nxg6 hxg6 11. Qf3 N7f6 12. Bg5 Be7 13. h3 Qc7 14. O-O O-O
15. Rfe1 c5 16. Bxd5 Nxd5 17. Bxe7 Qxe7 $4 18. Qxd5 1-0

[Event "Mechanics' Mar TNM; 30/90, SD/30"]
[Site "San Francisco"]
[Date "2012.09.25"]
[Round "9.16"]
[White "Delaney, Will"]
[Black "Starr, Albert"]
[Result "1-0"]
[WhiteElo "1800"]
[BlackElo "1562"]
[PlyCount "33"]
[EventDate "2012.??.??"]

1. Nf3 b5 2. d4 Bb7 3. Nbd2 e6 4. e4 b4 5. c3 c5 6. Bd3 d6 7. O-O Nd7 8. Re1
Ngf6 9. e5 dxe5 10. Nxe5 bxc3 11. bxc3 Nd5 12. Ne4 cxd4 13. Nxf7 Kxf7 14. Qh5+
Kg8 (14... g6 15. Ng5+ Kg7 (15... Kf6 $2 16. Qxg6+ hxg6 17. Rxe6+ Kg7 18. Rxg6#
) 16. Bxg6 $18 hxg6 $2 17. Nxe6+ Kf7 18. Nxd8+) 15. Ng5 Qf6 16. Bxh7+ Rxh7 17.
Qxh7# 1-0

[Event "Mechanics' Fall TNM; 30/90, SD/30"]
[Site "San Francisco"]
[Date "2012.11.20"]
[Round "6.13"]
[White "Delaney, Will"]
[Black "Watson, Farid"]
[Result "0-1"]
[WhiteElo "1800"]
[BlackElo "2095"]
[PlyCount "118"]
[EventDate "2012.??.??"]

1. Nf3 c5 2. g3 Nc6 3. Bg2 e5 4. d3 g6 5. O-O Bg7 6. c3 Nge7 7. e4 O-O 8. Nbd2
d6 9. Qe2 b5 10. d4 b4 11. dxc5 dxc5 12. Qb5 Qb6 13. Qxb6 axb6 14. Nc4 Ba6 15.
Nfd2 Rad8 16. Re1 Bh6 17. Ne3 Bxe3 18. Rxe3 Rd3 19. Rxd3 Bxd3 20. Bf1 Rd8 21.
a3 bxc3 22. bxc3 Na5 23. Ra2 Kf8 24. a4 Ke8 25. Rb2 Nc8 26. f3 Bxf1 27. Kxf1
Kd7 28. Ke2 Kc6 29. f4 Nd6 30. fxe5 Ndc4 31. Rc2 Nxe5 32. Nf3 Nxf3 33. Kxf3 Nc4
34. Ke2 Kb7 35. Bf4 Ra8 36. Kd3 Rxa4 37. g4 Kc6 38. Re2 Kd7 39. h4 b5 40. h5
Ra1 41. hxg6 hxg6 42. Rh2 Rf1 43. Bg5 Rf3+ 44. Ke2 Rxc3 45. Rh7 Ke6 46. Rh8 b4
47. Re8+ Kd6 48. Rd8+ Kc6 49. Rc8+ Kb5 50. Be7 Nb6 51. Rf8 Rg3 52. g5 c4 53.
Rxf7 b3 54. Rf1 c3 55. Bf6 Kc4 56. e5 Rg2+ 57. Kd1 Rd2+ 58. Kc1 b2+ 59. Kb1 Kb3
0-1

[Event "Mechanics' Mar TNM; 30/90, SD/30"]
[Site "San Francisco"]
[Date "2012.09.04"]
[Round "6.20"]
[White "Delaney, Will"]
[Black "Yamamoto, Craig"]
[Result "0-1"]
[WhiteElo "1800"]
[BlackElo "1627"]
[PlyCount "106"]
[EventDate "2012.??.??"]

1. Nf3 d5 2. d4 Nf6 3. g3 b6 4. Bg2 e6 5. O-O Be7 6. c4 Bb7 7. Ne5 c6 8. cxd5
cxd5 9. Qa4+ Nfd7 10. Nc3 O-O 11. e4 Nf6 12. exd5 Nxd5 13. Nxd5 Bxd5 14. Bxd5
Qxd5 15. Be3 b5 16. Qa5 Bd6 17. Rac1 f6 18. Nd3 Nc6 19. Qa6 Nb4 20. Nxb4 Bxb4
21. Rc6 e5 22. dxe5 Qxe5 23. a3 Be7 24. Re6 Qc7 25. Rc1 Qd7 26. Rcc6 Qd1+ 27.
Kg2 Qd5+ 28. f3 Qd7 29. Bf4 Bd8 30. Qxb5 a6 31. Qc4 Kh8 32. b4 g5 33. Be3 Qd1
34. Bd4 Qd2+ 35. Re2 Qd1 36. Rce6 Qa4 37. Qc3 Qb5 38. R2e4 Qd7 39. Bxf6+ Bxf6
40. Rxf6 Kg8 41. Qe5 Rxf6 42. Qxf6 Qd2+ 43. Kh3 Rf8 44. Qe6+ Kg7 45. Qe5+ Kg8
46. Rg4 h6 47. f4 Qd7 48. fxg5 h5 49. Qe4 hxg4+ 50. Qxg4 Qxg4+ 51. Kxg4 Rc8 52.
h4 Rc3 53. a4 Rc4+ 0-1

[Event "Mechanics' Summer TNM; 30/90, SD/30"]
[Site "San Francisco"]
[Date "2012.05.22"]
[Round "1.17"]
[White "Delmonico, Nils"]
[Black "Allen, Tom"]
[Result "1-0"]
[WhiteElo "1895"]
[BlackElo "1450"]
[PlyCount "53"]
[EventDate "2012.??.??"]

1. c4 e5 2. g3 Nf6 3. Bg2 Bc5 4. Nf3 Nc6 5. O-O O-O 6. Nxe5 Nxe5 7. d4 Nxc4 8.
dxc5 Ne5 9. Qc2 c6 10. Rd1 Qe7 11. h3 Rd8 12. f4 Ng6 13. e4 d6 14. Be3 dxc5 15.
Rxd8+ Qxd8 16. Bxc5 Bd7 17. Nc3 Ne7 18. Rd1 Qe8 19. a4 b6 20. Bf2 Rd8 21. Qd3
h6 22. b4 Qf8 23. b5 Rc8 24. e5 Nfd5 25. bxc6 Nxc3 26. cxd7 Nxd1 27. dxc8=Q 1-0

[Event "Summer Tuesday Night Marathon"]
[Site "?"]
[Date "2012.07.10"]
[Round "8.12"]
[White "Delmonico, Nils"]
[Black "Grey, Peter"]
[Result "1/2-1/2"]
[WhiteElo "1895"]
[BlackElo "2000"]
[PlyCount "53"]
[EventDate "2012.??.??"]

1. c4 Nf6 2. g3 g6 3. Bg2 Bg7 4. Nc3 O-O 5. e4 d6 6. Nge2 e5 7. O-O Be6 8. d3
c6 9. h3 Qd7 10. Kh2 Na6 11. f4 h5 12. Be3 h4 13. Qd2 hxg3+ 14. Kxg3 Nh5+ 15.
Kh2 exf4 16. Nxf4 Be5 17. Kg1 Nxf4 18. Bxf4 Bxh3 19. Bh6 Bg7 20. Rf3 Bxg2 21.
Kxg2 Qg4+ 22. Rg3 Qh5 23. Bxg7 Kxg7 24. Rh1 Qe5 25. d4 Qe6 26. Qh6+ Kf6 27.
Qg5+ (27. Qh4+ Kg7 28. Qh7+ Kf6 29. Rxg6+ fxg6 30. Rf1+ (30. e5+ dxe5 31. Ne4+
Kf5 32. Kf3 exd4 33. Rh5#)) 1/2-1/2

[Event "Mechanics' Summer TNM; 30/90, SD/30"]
[Site "San Francisco"]
[Date "2012.06.12"]
[Round "4.15"]
[White "Delmonico, Nils"]
[Black "Hack, Richard"]
[Result "1/2-1/2"]
[WhiteElo "1895"]
[BlackElo "1666"]
[PlyCount "84"]
[EventDate "2012.??.??"]

1. c4 f5 2. g3 g6 3. Bg2 Nf6 4. Nc3 Bg7 5. Nf3 O-O 6. O-O d6 7. d3 e5 8. e4 c6
9. c5 Be6 10. cxd6 Qxd6 11. d4 fxe4 12. Nxe5 Rd8 13. Bg5 Qxd4 14. Nxe4 Nxe4 15.
Bxd8 Qxe5 16. Re1 Bd5 17. Bxe4 Bxe4 18. Qe2 Nd7 19. Bh4 Re8 20. Qc4+ Kf8 21.
Rad1 Nb6 22. Qb4+ c5 23. Qd2 Nc4 24. Qd7 Qf5 25. b3 Ne5 26. Qxf5+ Bxf5 27. Kg2
Bg4 28. Rc1 Nf3 29. Rxe8+ Kxe8 30. h3 Nxh4+ 31. gxh4 Bf5 32. Rxc5 Kd7 33. h5
Bb1 34. hxg6 hxg6 35. Rd5+ Ke6 36. Rd2 Bh6 37. Rb2 Be4+ 38. f3 Bc6 39. Kg3 Kf5
40. Rc2 Bf4+ 41. Kg2 Kg5 42. Rc4 Kf5 1/2-1/2

[Event "Mechanics' Spring TNM; 30/90, SD/30"]
[Site "San Francisco"]
[Date "2012.03.13"]
[Round "1.19"]
[White "Delmonico, Nils"]
[Black "Harris, Clarence"]
[Result "1-0"]
[WhiteElo "1908"]
[BlackElo "1395"]
[PlyCount "79"]
[EventDate "2012.??.??"]

1. c4 Nf6 2. g3 g6 3. Bg2 Bg7 4. Nc3 O-O 5. e4 e5 6. Nge2 Nc6 7. O-O d6 8. d3
Bd7 9. h3 Qc8 10. Kh2 Nh5 11. Nd5 Nf6 12. f4 Nxd5 13. cxd5 Ne7 14. fxe5 dxe5
15. Bg5 f6 16. Be3 b6 17. Rc1 Qa6 18. Rxc7 Rfd8 19. Nc3 Nc8 20. Qd2 Nd6 21. a3
Rac8 22. Rxc8 Rxc8 23. Rc1 Nb7 24. Bf1 Nd6 25. Be2 Rc7 26. Bf1 Qc8 27. Na2 Rxc1
28. Qxc1 Qxc1 29. Bxc1 f5 30. Nc3 Bf6 31. h4 Kg7 32. Bh3 h6 33. a4 g5 34. hxg5
hxg5 35. exf5 Nxf5 36. Ne4 Kg6 37. b3 Bc8 38. b4 Bb7 39. Bxf5+ Kxf5 40. Nd6+
1-0

[Event "Mechanics' Mar TNM; 30/90, SD/30"]
[Site "San Francisco"]
[Date "2012.07.31"]
[Round "1.16"]
[White "Delmonico, Nils"]
[Black "Harris, Clarence"]
[Result "1-0"]
[WhiteElo "1888"]
[BlackElo "1346"]
[PlyCount "43"]
[EventDate "2012.??.??"]

1. c4 Nf6 2. g3 g6 3. Bg2 Bg7 4. Nc3 O-O 5. e4 d6 6. Nge2 Nc6 7. O-O e5 8. d3
Be6 9. Nd5 Ne7 10. Bg5 Nexd5 11. cxd5 Bd7 12. Qd2 Qc8 13. Rac1 Ne8 14. Be7 Bh3
15. Rc2 Nf6 16. Bxd6 Re8 17. Rxc7 Qg4 18. f3 Qh5 19. Rxb7 Bh6 20. f4 Bxg2 21.
Kxg2 Ng4 22. h3 1-0

[Event "Mechanics' Summer TNM; 30/90, SD/30"]
[Site "?"]
[Date "2012.06.27"]
[Round "5"]
[White "Delmonico, Nils"]
[Black "Jaffray, John"]
[Result "0-1"]
[WhiteElo "1895"]
[BlackElo "2031"]
[PlyCount "48"]
[EventDate "2012.??.??"]

1. c4 Nf6 2. g3 e6 3. Bg2 d5 4. Nf3 c5 5. cxd5 Nxd5 6. O-O Nc6 7. d4 Be7 8.
dxc5 Bxc5 9. e4 Ndb4 10. Qb3 O-O 11. Nc3 Nd3 12. Na4 Nxc1 13. Raxc1 Bd4 14.
Nxd4 Nxd4 15. Qe3 e5 16. Nc3 Be6 17. f4 Qb6 18. Kh1 f6 19. b3 Qd6 20. fxe5 Qxe5
21. Rfd1 Rad8 22. Nd5 Rxd5 23. Qf4 Ne2 24. exd5 Nxf4 0-1

[Event "Mechanics' Fall TNM; 30/90, SD/30"]
[Site "San Francisco"]
[Date "2012.12.11"]
[Round "9.7"]
[White "Delmonico, Nils"]
[Black "Krasnov, Steven"]
[Result "1-0"]
[WhiteElo "1899"]
[BlackElo "1959"]
[PlyCount "93"]
[EventDate "2012.??.??"]

1. c4 Nf6 2. g3 e6 3. Bg2 d5 4. Nf3 c6 5. O-O Nbd7 6. b3 Be7 7. Bb2 O-O 8. d3
Qc7 9. Nc3 Re8 10. Qc2 b6 11. Rac1 dxc4 12. bxc4 Bb7 13. e3 Rac8 14. Rfd1 a6
15. Qb3 Nc5 16. Qc2 Qb8 17. d4 Ncd7 18. e4 c5 19. d5 exd5 20. cxd5 Bd6 21. Re1
b5 22. Nh4 c4 23. a3 Ne5 24. Rcd1 Nd3 25. Rxd3 cxd3 26. Qxd3 Nd7 27. Bh3 Ne5
28. Qd1 Rc4 29. Bf1 Rc7 30. Nf5 Bxa3 31. Bxa3 Rxc3 32. Bb2 Rcc8 33. f4 Ng6 34.
Qd4 f6 35. Nxg7 Ne5 36. fxe5 fxe5 37. Qe3 Kxg7 38. Qg5+ Kh8 39. Qf6+ Kg8 40.
Bh3 Qa7+ 41. Kh1 Rc7 42. Be6+ Rxe6 43. Qxe6+ Rf7 44. Rf1 Ba8 45. Qe8+ Kg7 46.
Bxe5+ Kg6 47. Qe6+ 1-0

[Event "Mechanics' Spring TNM; 30/90, SD/30"]
[Site "San Francisco"]
[Date "2012.05.01"]
[Round "8.8"]
[White "Delmonico, Nils"]
[Black "LaCounte, Brendan"]
[Result "1/2-1/2"]
[WhiteElo "1908"]
[BlackElo "1772"]
[PlyCount "56"]
[EventDate "2012.??.??"]

1. c4 b6 2. Nf3 Bb7 3. g3 Bxf3 4. exf3 c5 5. Bg2 Nc6 6. O-O g6 7. Nc3 Bg7 8. a3
Nh6 9. Rb1 Rc8 10. Re1 Nf5 11. b4 cxb4 12. Ne4 O-O 13. axb4 Nfd4 14. f4 d6 15.
Qa4 Qc7 16. d3 a5 17. bxa5 bxa5 18. Bd2 Rb8 19. Nc3 Nb4 20. Nd5 Nxd5 21. Bxd5
Ne2+ 22. Kg2 Nc3 23. Bxc3 Bxc3 24. Rec1 Bb4 25. d4 Qa7 26. Rd1 Rfc8 27. Rbc1
Qc7 28. h4 Kg7 1/2-1/2

[Event "Mechanics' Spring TNM; 30/90, SD/30"]
[Site "San Francisco"]
[Date "2012.04.03"]
[Round "4.15"]
[White "Delmonico, Nils"]
[Black "Macintyre, Brendan"]
[Result "1-0"]
[WhiteElo "1908"]
[BlackElo "1675"]
[PlyCount "139"]
[EventDate "2012.??.??"]

1. c4 c5 2. g3 g6 3. Bg2 Bg7 4. Nf3 Nc6 5. O-O Nf6 6. d4 cxd4 7. Nxd4 O-O 8.
Nc3 Qb6 9. Nc2 d6 10. b3 Be6 11. e4 Bg4 12. Bf3 Bxf3 13. Qxf3 Ne5 14. Qe2 a6
15. Be3 Qa5 16. Bd2 Qb6 17. Ne3 Rfe8 18. Kg2 Rad8 19. f3 Qc6 20. a4 Qc8 21. a5
Nc6 22. Ned5 Nxd5 23. exd5 Nd4 24. Qd1 Qf5 25. Qb1 Qxb1 26. Rfxb1 Rc8 27. Ra4
Rc7 28. Ne4 Rec8 29. Bc3 h6 30. Ra2 Nf5 31. Kf2 Bxc3 32. Nxc3 Kg7 33. Rd1 Rc5
34. Ke2 h5 35. Ne4 R5c7 36. Kd3 Nh6 37. Rc1 Ng8 38. b4 Nf6 39. Kd4 Nxe4 40.
fxe4 f6 41. Rb2 Kf7 42. c5 e5+ 43. dxe6+ Kxe6 44. Rbc2 g5 45. Rf1 Rc6 46. Rf5
R6c7 47. h4 Rg7 48. Rcf2 dxc5+ 49. bxc5 Rg6 50. Rb2 Rd8+ 51. Kc4 Rd7 52. Rb6+
Ke7 53. hxg5 Rxg5 54. Rxg5 fxg5 55. Rh6 Kf7 56. Rxh5 Kg6 57. Rh8 Kf6 58. Re8
Kf7 59. Re5 Kf6 60. Rf5+ Kg6 61. g4 Rd2 62. e5 Rg2 63. Rf6+ Kg7 64. Rb6 Rxg4+
65. Kd5 Rf4 66. Rxb7+ Rf7 67. Rxf7+ Kxf7 68. c6 g4 69. Ke4 Ke6 70. Kf4 1-0

[Event "Mechanics' Mar TNM; 30/90, SD/30"]
[Site "San Francisco"]
[Date "2012.09.11"]
[Round "7.17"]
[White "Delmonico, Nils"]
[Black "Macintyre, Brendan"]
[Result "1-0"]
[WhiteElo "1888"]
[BlackElo "1689"]
[PlyCount "47"]
[EventDate "2012.??.??"]

1. g3 d5 2. Bg2 Nf6 3. Nf3 c6 4. O-O Nbd7 5. c4 e5 6. b3 dxc4 7. bxc4 Be7 8.
Bb2 Qc7 9. d3 O-O 10. Nbd2 Re8 11. a4 Bf8 12. a5 Nc5 13. Nxe5 Rxe5 14. d4 Re6
15. dxc5 Bxc5 16. Nb3 Qe7 17. Nxc5 Qxc5 18. a6 bxa6 19. Qd8+ Qf8 20. Qc7 Qd6
21. Qxd6 Rxd6 22. Rfd1 Re6 23. Bxc6 Rb8 24. Rd8+ 1-0

[Event "Mechanics' Fall TNM; 30/90, SD/30"]
[Site "?"]
[Date "2012.11.06"]
[Round "4"]
[White "Delmonico, Nils"]
[Black "Matchen, George"]
[Result "1-0"]
[WhiteElo "1899"]
[BlackElo "1584"]
[PlyCount "39"]
[EventDate "2012.??.??"]

1. c4 e5 2. g3 Nf6 3. Bg2 Nc6 4. Nc3 Be7 5. e4 d6 6. Nge2 O-O 7. d4 exd4 8.
Nxd4 Ne5 9. b3 Bg4 10. f3 Bh5 11. O-O c6 12. Nf5 Re8 13. Bg5 Nd5 14. Nxe7+ Nxe7
15. g4 Bg6 16. f4 f6 17. fxe5 fxg5 18. exd6 Nc8 19. d7 Qb6+ 20. Kh1 1-0

[Event "Mechanics' Winter TNM; 30/90, SD/30"]
[Site "San Francisco"]
[Date "2012.02.07"]
[Round "6.10"]
[White "Delmonico, Nils"]
[Black "Persidsky, Andre"]
[Result "0-1"]
[WhiteElo "1900"]
[BlackElo "1795"]
[PlyCount "64"]
[EventDate "2012.??.??"]

1. c4 e5 2. g3 Nf6 3. Bg2 d5 4. cxd5 Nxd5 5. Nf3 Bd6 6. O-O O-O 7. d4 e4 8. Ne5
f5 9. Qb3 Bxe5 10. dxe5 b6 11. Nc3 Be6 12. Rd1 c6 13. f3 Qe7 14. Qc2 exf3 15.
Bxf3 Qc5+ 16. Kg2 Nd7 17. Bf4 Nxe5 18. Qa4 Nxf4+ 19. Qxf4 Nxf3 20. exf3 Rad8
21. Rac1 Qe7 22. h4 Rxd1 23. Rxd1 Rd8 24. Re1 Qd6 25. Qa4 b5 26. Qa5 Qe7 27.
Kh1 Rd3 28. Ne2 Bd5 29. Nf4 Bxf3+ 30. Kh2 Qd8 31. Qxa7 Rd2+ 32. Kh3 Bg4# 0-1

[Event "Mechanics' Winter TNM; 30/90, SD/30"]
[Site "San Francisco"]
[Date "2012.02.14"]
[Round "7.15"]
[White "Delmonico, Nils"]
[Black "Poling, Scott"]
[Result "0-1"]
[WhiteElo "1900"]
[BlackElo "1640"]
[PlyCount "96"]
[EventDate "2012.??.??"]

1. c4 c5 2. g3 Nc6 3. Bg2 g6 4. Nc3 Bg7 5. Nf3 Nf6 6. O-O O-O 7. d4 cxd4 8.
Nxd4 Qb6 9. Nf3 d6 10. b3 Bf5 11. Be3 Qa5 12. Bd2 Qa3 13. Nb5 Qb2 14. Ne1 Ne4
15. Nf3 Nxd2 16. Nxd2 Qxa1 17. Qxa1 Bxa1 18. Rxa1 Rfc8 19. Nf3 a6 20. Nc3 Be6
21. Rd1 Rab8 22. Ng5 h6 23. Nxe6 fxe6 24. Bh3 Kf7 25. Rd3 Ne5 26. Re3 h5 27.
Ne4 Ng4 28. Rf3+ Kg8 29. Rd3 b5 30. f3 bxc4 31. Rc3 cxb3 32. Rxc8+ Rxc8 33.
axb3 Rc1+ 34. Kg2 Ne3+ 35. Kf2 Nf5 36. Nd2 Kf7 37. e3 Rc2 38. Ke2 Rc3 39. Bxf5
exf5 40. h3 e5 41. g4 f4 42. exf4 exf4 43. gxh5 gxh5 44. h4 Ke6 45. Kf2 Re3 46.
Kf1 Kd5 47. Kf2 Kd4 48. Ne4 Rxe4 0-1

[Event "Mechanics' Fall TNM; 30/90, SD/30"]
[Site "?"]
[Date "2012.12.04"]
[Round "8.11"]
[White "Delmonico, Nils"]
[Black "Poling, Scott"]
[Result "1-0"]
[WhiteElo "1899"]
[BlackElo "1747"]
[PlyCount "43"]
[EventDate "2012.??.??"]

1. c4 e5 2. g3 Nc6 3. Nc3 f5 4. Nf3 Nf6 5. d4 e4 6. Nh4 d5 7. cxd5 Nxd5 8. e3
g6 9. a3 Be6 10. Ng2 Nce7 11. Bd2 Bg7 12. Rc1 O-O 13. Nf4 Nxf4 14. gxf4 c5 15.
dxc5 Rc8 16. Be2 Rxc5 17. O-O Bc4 18. Bxc4+ Rxc4 19. Qb3 Qd3 20. Rfd1 Nd5 21.
Be1 Rxc3 22. Bxc3 1-0

[Event "Mechanics' Winter TNM; 30/90, SD/30"]
[Site "San Francisco"]
[Date "2012.01.17"]
[Round "3.2"]
[White "Delmonico, Nils"]
[Black "Rumph, Todd"]
[Result "0-1"]
[WhiteElo "1900"]
[BlackElo "2168"]
[Annotator "Donaldson"]
[PlyCount "18"]
[EventDate "2012.??.??"]

1. c4 c6 2. g3 d5 3. Bg2 Nf6 4. Nf3 Bg4 5. cxd5 (5. Ne5 Be6 6. cxd5 Bxd5 7. Nf3
c5 8. Nc3 Bc6) 5... cxd5 (5... Bxf3 6. Bxf3 cxd5) 6. Ne5 Bf5 7. g4 (7. Nc3 e6
8. Qa4+ Nbd7 9. g4 Bg6 10. h4 Bd6 (10... h6 11. Nxg6 fxg6 12. Qc2) (10... Bc2
11. Nxf7 Bxa4 12. Nxd8 Rxd8 13. Nxa4 Nxg4 14. Bh3 Ndf6) 11. d4 h6 12. Nxg6 fxg6
13. Qc2) 7... Qc7 8. Qa4+ $4 (8. Nc3 Qxe5 9. d4 Qe6 10. gxf5 Qxf5 11. Qb3 $14)
8... Bd7 9. Nxd7 Qxc1+ {0-1 Delmonico,N-Rumph,T} 0-1

[Event "Mechanics' Fall TNM; 30/90, SD/30"]
[Site "San Francisco"]
[Date "2012.10.23"]
[Round "2.4"]
[White "Delmonico, Nils"]
[Black "Rumph, Todd"]
[Result "0-1"]
[WhiteElo "1899"]
[BlackElo "2188"]
[PlyCount "68"]
[EventDate "2012.??.??"]

1. c4 e5 2. g3 Nc6 3. Nc3 g6 4. Bg2 Bg7 5. e4 d6 6. Nge2 h5 7. h4 Be6 8. d3 Qd7
9. Nd5 Nce7 10. d4 Nc6 11. Be3 Nh6 12. f3 f5 13. Bh3 O-O 14. Qd2 Kh7 15. Nxc7
Qxc7 16. d5 Bg8 17. dxc6 Qxc6 18. O-O fxe4 19. fxe4 Qxe4 20. Bg2 Qxc4 21. b3
Qe6 22. Bxb7 Rab8 23. Bg2 d5 24. Rae1 Rxf1+ 25. Rxf1 d4 26. Bg5 Nf7 27. Re1 Qd6
28. Be4 Rf8 29. g4 Nxg5 30. Qxg5 Bh6 31. Qxh5 Kg7 32. Bxg6 Be3+ 33. Kh2 e4+ 34.
Kh1 Rf2 0-1

[Event "Mechanics' Fall TNM; 30/90, SD/30"]
[Site "?"]
[Date "2012.11.20"]
[Round "6"]
[White "Delmonico, Nils"]
[Black "Solomonik, Edgar"]
[Result "0-1"]
[WhiteElo "1889"]
[BlackElo "1651"]
[Annotator "Donaldson"]
[PlyCount "92"]
[EventDate "2012.??.??"]

1. c4 c6 2. g3 d5 3. Nf3 Bf5 4. Bg2 e6 5. O-O Nd7 6. cxd5 exd5 7. Nc3 Ngf6 8.
d3 Bd6 9. e4 Be6 10. exd5 Nxd5 11. Ne4 (11. Nd4) 11... Be7 12. Nfg5 (12. Nd4)
12... Nc7 13. Bf4 Bf5 14. Qb3 Nd5 15. Nxf7 $2 (15. Nd6+ $16) 15... Kxf7 16.
Nd6+ Bxd6 17. Bxd5+ cxd5 18. Qxd5+ Be6 19. Qxd6 Nf6 20. Qb4 Qd5 21. f3 Rac8 22.
Rf2 Qc5 23. Qxb7+ Kg6 24. Re1 Rhe8 25. Re5 Re7 26. Qa6 Qb6 27. Qa3 Rec7 28.
Rg5+ Kf7 29. Bxc7 Rxc7 30. Kg2 Bh3+ 31. Kxh3 Qxf2 32. Qb3+ Kf8 33. Qb8+ Ne8 34.
Rf5+ Rf7 35. Rxf7+ $2 (35. Re5 Re7 (35... Qf1+ 36. Kh4 g5+ 37. Kxg5 Qc1+ 38. f4
Qc6 39. Qb4+ Nd6 40. Qc5 Qd7 {
with advantage to White, but any result is possible.}) 36. Qb3 (36. Qb4)) 35...
Kxf7 36. Qb7+ Kg8 37. Qb3+ Kh8 38. Qb8 Qe3 39. d4 h6 40. d5 Kh7 41. d6 Qe6+ 42.
Kg2 Nxd6 43. Qxa7 Nc4 44. Qd4 Qe2+ 45. Qf2 Ne3+ 46. Kg1 Qd1+ 0-1

[Event "Mechanics' Spring TNM; 30/90, SD/30"]
[Site "San Francisco"]
[Date "2012.04.24"]
[Round "7.4"]
[White "Delmonico, Nils"]
[Black "Winslow, Elliott"]
[Result "0-1"]
[WhiteElo "1908"]
[BlackElo "2380"]
[PlyCount "88"]
[EventDate "2012.??.??"]

1. c4 g6 2. g3 Bg7 3. Bg2 d6 4. e4 Nf6 5. Ne2 O-O 6. O-O c6 7. d3 e5 8. Nbc3 a5
9. h3 Na6 10. Be3 Nd7 11. Qd2 Nac5 12. Rab1 f5 13. exf5 gxf5 14. f4 Ne6 15. d4
exd4 16. Nxd4 Ndc5 17. Rfd1 Qf6 18. b3 Re8 19. Qf2 Nc7 20. Rbc1 Ne4 21. Nxe4
fxe4 22. g4 a4 23. g5 Qf8 24. f5 c5 25. f6 cxd4 26. fxg7 Qxf2+ 27. Bxf2 d3 28.
Bd4 Ne6 29. Be3 Nxg7 30. b4 Bf5 31. Rf1 Bg6 32. Rf4 Rac8 33. Kf2 Rf8 34. h4
Rxf4+ 35. Bxf4 Rf8 36. Ke3 Nf5+ 37. Kd2 Nxh4 38. Bxe4 Rxf4 39. Bxg6 Nxg6 40.
Kxd3 Ne5+ 41. Ke3 Rxc4 42. Rd1 Rxb4 43. Rd5 Kf7 44. Kf2 Ke6 0-1

[Event "Mechanics' Spring TNM; 30/90, SD/30"]
[Site "San Francisco"]
[Date "2012.04.03"]
[Round "4.17"]
[White "Dembling, Arthur"]
[Black "Chen, Mingson"]
[Result "1/2-1/2"]
[WhiteElo "1687"]
[BlackElo "1902"]
[PlyCount "75"]
[EventDate "2012.??.??"]

1. e4 e5 2. Nf3 Nc6 3. Bb5 Nf6 4. O-O Bc5 5. Nc3 Nd4 6. Bc4 d6 7. h3 O-O 8. d3
Be6 9. Bxe6 fxe6 10. Be3 Qe8 11. a3 Nh5 12. Bxd4 exd4 13. Nb1 Nf4 14. Nbd2 e5
15. Kh2 Qh5 16. Ng1 Qh6 17. Ndf3 Rf6 18. g3 Ne6 19. Qd2 Qh5 20. Nh4 Raf8 21.
Nf5 Qe8 22. Rae1 Kh8 23. Kg2 Bb6 24. Re2 Qd7 25. Nf3 g6 26. N5h4 c6 27. Nh2 Bd8
28. N4f3 Qg7 29. Qb4 Qd7 30. Ng1 h5 31. Qd2 Kg8 32. h4 Qf7 33. Nh3 Qg7 34. f3
R8f7 35. Ref2 g5 36. hxg5 Nxg5 37. f4 Ne6 38. f5 1/2-1/2

[Event "Mechanics' Summer TNM; 30/90, SD/30"]
[Site "San Francisco"]
[Date "2012.07.10"]
[Round "8.18"]
[White "Dembling, Arthur"]
[Black "Cole, Tony"]
[Result "1-0"]
[WhiteElo "1708"]
[BlackElo "1547"]
[PlyCount "37"]
[EventDate "2012.??.??"]

1. e4 e5 2. Nf3 Nc6 3. Bb5 Nd4 4. Nxd4 exd4 5. O-O c6 6. Ba4 h5 7. d3 Be7 8.
Nd2 g5 9. f4 g4 10. Bb3 d5 11. exd5 cxd5 12. Qe2 Nf6 13. Re1 h4 14. Qe5 Rh6 15.
Qxd4 Bf5 16. Qe5 Qd7 17. Ba4 O-O-O 18. Bxd7+ Bxd7 19. Qxe7 1-0